|
|
|
|
| LEADER |
00000nam a2200000 a 4500 |
| 001 |
vtls010546581 |
| 003 |
SK-MaSNL |
| 005 |
20260301181731.0 |
| 008 |
160610s2013 xo a f 000 0 eng |
| 015 |
|
|
|a SNBA2013/10
|
| 020 |
|
|
|a 9788089477111
|q (brož.)
|
| 035 |
|
|
|a 37BBA5CA-6A11-4910-9859-DF1783A542F4
|
| 035 |
|
|
|a urn:nbn:sk:snk-aml0qk
|
| 035 |
|
|
|a urn:nbn:sk:snk-am008nvg
|
| 040 |
|
|
|a SNK
|b slo
|c SNK
|e AACR2
|
| 041 |
0 |
|
|a eng
|
| 044 |
|
|
|a xo
|c SK
|
| 072 |
|
7 |
|a 81
|x Lingvistika. Jazyky
|2 konspekt
|
| 072 |
|
7 |
|a 371
|x Školstvo (organizácia)
|2 konspekt
|
| 080 |
|
|
|a 81'24
|2 2001
|
| 080 |
|
|
|a 371.3
|2 2001
|
| 080 |
|
|
|a (048.8)
|2 2001
|
| 100 |
1 |
|
|a Horváthová, Božena,
|d 1976-
|4 aut
|9 233382
|
| 245 |
1 |
0 |
|a Methods in researching and teaching language learning strategies
|c Božena Horváthová
|
| 250 |
|
|
|a 1. edit.
|
| 260 |
|
|
|a [Veľké Zálužie]
|b ASPA
|c 2013
|
| 300 |
|
|
|a 88 s.
|b tab.
|c 21 cm
|
| 366 |
|
|
|e 100 výtl.
|
| 500 |
|
|
|a Miesto vyd. podľa ISBN
|
| 504 |
|
|
|a Bibliogr. na s. 80-88
|
| 650 |
0 |
7 |
|a štúdium jazykov
|2 SNKPH
|9 3983
|
| 650 |
0 |
7 |
|a vyučovanie jazykov
|2 SNKPH
|9 31418
|
| 650 |
0 |
7 |
|a vyučovacie metódy
|2 SNKPH
|9 1521
|
| 650 |
0 |
7 |
|a Teaching methods
|2 SNKPHeng
|9 286676
|
| 650 |
0 |
7 |
|a Language teaching and learning
|2 SNKPHeng
|9 267180
|
| 655 |
|
7 |
|a štúdie
|2 SNKPH
|9 57033
|
| 655 |
|
7 |
|a Studies
|2 SNKPHeng
|9 265573
|
| 919 |
|
|
|a 978-80-89477-11-1
|
| 958 |
|
|
|a NB
|
| 999 |
|
|
|c 851021
|d 852951
|
| 952 |
|
|
|a SNK
|b SNK
|y PREZ
|7 0
|p 17A1083413
|o snkSC 156191
|i snk2013/22773
|8 0
|0 0
|1 0
|4 0
|d 2013-09-26
|f 1
|l 0
|r 2025-08-18 00:00:00
|w 2026-02-24
|
| 952 |
|
|
|a SNK
|b SNK
|y VYP
|7 0
|p 17A1083414
|o snkSC 156191 D1
|i snk2013/22774
|8 0
|0 0
|1 0
|4 0
|d 2013-09-26
|l 0
|r 2026-02-24 04:41:11
|w 2026-02-24
|